| 000 | 01334nam a22003497a 4500 | ||
|---|---|---|---|
| 003 | CHAP | ||
| 005 | 20220329143322.0 | ||
| 008 | 080611s2006 mx a r 00010 spa d | ||
| 010 | _a94913 | ||
| 011 | _a95885 | ||
| 020 | _a9707225149 | ||
| 035 | _a106518 | ||
| 040 | _cCHAP | ||
| 082 | 0 | 0 |
_a636.4 _bS37 |
| 100 | 0 | 0 |
_aSagarnaga Villegas, Leticia Myriam. _9101176 |
| 245 | 1 | 0 |
_aPanorama económico de granjas porcinas representativas del Estado de Guanajuato, 2002 - 2009 _c/por Leticia Myriam Sagarnaga Villegas ...[y otros] |
| 260 |
_aChapingo, Méx. : _bUniversidad Autónoma Chapingo, _c2006 |
||
| 300 |
_axiv, 140 p. : _bgráfs. ; cuadros |
||
| 590 |
_aBATCH-UPD _b10 _c20130110 _lUCH01 _h0530 |
||
| 590 |
_aBATCH-UPD _b10 _c20130110 _lUCH01 _h2216 |
||
| 590 |
_aBATCH-UPD _b10 _c20130410 _lUCH01 _h0210 |
||
| 590 |
_aBATCH-UPD _b10 _c20130914 _lUCH01 _h1523 |
||
| 590 |
_aCONVERSION _b10 _c20130109 _lUCH01 _h1352 |
||
| 650 | 1 | 4 |
_aGanado porcino _xExportación. _945368 |
| 650 | 1 | 4 |
_aGanado porcino _xMercadeo. _945383 |
| 650 | 1 | 4 |
_aGanado porcino _xProducción. _945399 |
| 650 | 1 | 4 |
_aGranjas porcinas _zGuanajuato. _950414 |
| 901 | _aBK | ||
| 942 | _cLIBRO | ||
| 949 |
_a636.4 S37 _bBC _cLIBRO _d33724002058363 _eLIBRO _gI.c/e. _h109634 _i106518 _sb |
||
| 949 |
_a636.4 S37 _bBC _cLIBRO _d33724002058371 _eLIBRO _fc.2 _gI.c/e. _h109635 _i106518 _si |
||
| 999 |
_c94913 _d94913 |
||